RICS Rural Land Market Survey Great Britain (Record no. 118802)

MARC details
000 -LEADER
fixed length control field 01031cas a22002535a 4500
001 - CONTROL NUMBER
control field L129926
008 - FIXED-LENGTH DATA ELEMENTS--GENERAL INFORMATION
fixed length control field 050606c1995 xxkqr p 0 a0eng u
022 1# - INTERNATIONAL STANDARD SERIAL NUMBER
International Standard Serial Number 1465-105X
035 ## - SYSTEM CONTROL NUMBER
System control number (Sirsi) u129926
041 0# - LANGUAGE CODE
Language code of text/sound track or separate title eng
110 2# - MAIN ENTRY--CORPORATE NAME
Corporate name or jurisdiction name as entry element Royal Institution of Chartered Surveyors
Subordinate unit Public Affairs
9 (RLIN) 4679
240 1# - UNIFORM TITLE
Uniform title RICS Farmland Price Survey
240 1# - UNIFORM TITLE
Uniform title RICS Rural Market Survey
245 00 - TITLE STATEMENT
Title RICS Rural Land Market Survey Great Britain
260 ## - PUBLICATION, DISTRIBUTION, ETC.
Place of publication, distribution, etc. London
Name of publisher, distributor, etc. RICS
Date of publication, distribution, etc. 1995-
362 0# - DATES OF PUBLICATION AND/OR SEQUENTIAL DESIGNATION
Dates of publication and/or sequential designation London: January/March 1995-
362 0# - DATES OF PUBLICATION AND/OR SEQUENTIAL DESIGNATION
Dates of publication and/or sequential designation Edinburgh: July/September 1996-
520 ## - SUMMARY, ETC.
Summary, etc. Quarterly survey of RICS members providing details of farmland prices, reported sales, demand, availability and expected prices nationally. Opinion based data is given for each region and a summary of market comments is provided.
554 ## -
-- Four per year
650 ## - SUBJECT ADDED ENTRY--TOPICAL TERM
Topical term or geographic name entry element RICS RURAL LAND MARKET SURVEY GREAT BRITAIN
651 #4 - SUBJECT ADDED ENTRY--GEOGRAPHIC NAME
Geographic name Great Britain
Chronological subdivision 1707-
690 ## - LOCAL SUBJECT ADDED ENTRY--TOPICAL TERM (OCLC, RLIN)
Topical term or geographic name as entry element PROPERTY-RURAL AND NATURAL ASSETS-RURAL AND NATURAL ASSET MARKET
942 ## - ADDED ENTRY ELEMENTS (KOHA)
Suppress in OPAC 0
Holdings
Withdrawn status Lost status Source of classification or shelving scheme Damaged status Not for loan Home library Current library Shelving location Date acquired Total Checkouts Full call number Barcode Date last seen Price effective from Koha item type Copy number
    Dewey Decimal Classification     London London Gallery 06/06/2005   RICS RURAL LAND MARKET SURVEY 129926-3001 06/08/2019 06/08/2019 Journal  
    Dewey Decimal Classification     London London Basement 06/12/2007   RICS RURAL LAND MARKET SURVEY 129926-3002 06/08/2019 06/08/2019 Journal  
    Dewey Decimal Classification     London London Basement 06/12/2007   RICS RURAL LAND MARKET SURVEY 129926-3003 06/08/2019 06/08/2019 Journal  
    Dewey Decimal Classification     Virtual Virtual Online 15/08/2005   ONLINE PUBLICATION 129926-4001 06/08/2019 06/08/2019 Book 1